LEADER 01506nam a2200349 a 4500 001 000000130627 003 CaOOAMICUS 005 20220516173815.0 008 121003s2006 it u000 u ita r 020 $a978-88-15-10992-7 032 $aLibriCat 040 $aPUL$bita 041 1 $aita$heng 082 04$a346.06 130 0 $aAnatomy of corporate law.$lItaliano.$0(OLS)http://pul/title/165086 245 10$aDiritto societario comparato :$bun approccio funzionale /$cReiner R. Kraakman ... [et al.] ; edizione italiana a cura di Luca Enriques. 260 $aBologna :$bIl Mulino,$c©2006. 300 $aXVIII, 290 p. ;$c24 cm 490 1 $aManuali. Diritto 504 $aBibliografia in nota. 650 4$aDiritto societario.$0(OLS)http://pul/subject/29527 700 1 $aKraakman, Reinier H.$0(OLS)http://pul/name/83702 700 1 $aEnriques, Luca,$d1970-$0(OLS)http://pul/name/83715 830 0$aManuali (il Mulino).$pDiritto.$0(OLS)http://pul/title/144070 850 $aPUL 852 $aPUL$W1$xSL Diritto e Scienze Sociali 3$y79$m346. 06 ENRLU 1$j151061$qDDC 21$B149761$CPULBib$Z2$F149761 $H120791 $82 941 1 $a9 996 $6020$a978-88-15-10992-7$9(OLS)http://pul/number/150696 996 $6082$a346.06$9(OLS)http://pul/classification/491 996 $6245$aDiritto societario comparato :$bun approccio funzionale$9(OLS)http://pul/title/165087 996 $6260$aBologna :$bIl Mulino$9(OLS)http://pul/publisher/47928 LEADER 01212nam a2200289 a 4500 001 000000144385 003 CaOOAMICUS 005 20150626090741.0 008 150626s1992 it u000 u ita r 020 $z8876103988* 040 $aPUL$bita 245 00$aComunicare la fede /$cCarlo Maria Martini ... [et al.] ; introduzione di Renato Corti. 260 $aMilano :$bÀncora,$c1992. 300 $a127 p. ;$c21 cm 490 1 $aStrumenti per il lavoro pastorale ;$v01 504 $aBibliografia in nota. 650 4$aFede e comunicazione.$0(OLS)http://pul/subject/39122 700 1 $aMartini, Carlo Maria,$ccardinale, arcivescovo di Milano,$d1927-2012.$0(OLS)http://pul/name/6653 700 1 $aCorti, Renato.$0(OLS)http://pul/name/92628 830 0$aStrumenti per il lavoro pastorale ;$v01.$0(OLS)http://pul/title/182514 850 $aPUL 852 $aPUL$W1$xDP1 Fondo S. Lanza$y121$m3 F 49$j166635$qFondi$B167235$CPULBib$Z2$F167235 $HLan1442 $82 941 1 $a1 996 $6020$z8876103988*$9(OLS)http://pul/number/158090 996 $6245$aComunicare la fede$9(OLS)http://pul/title/182679 996 $6260$aMilano :$bÀncora$9(OLS)http://pul/publisher/53070